000 00789nam a2200277 a 4500
001 000107805
003 CHAP
005 20220329143944.0
008 131106s2011 mx | |r| ||1|||spa|d
010 _a104267
011 _a105239
020 _a9786071708069
040 _cCHAP
082 0 4 _a917.0972
_bD35
100 0 0 _aDelgadillo Macías, Javier.
_931571
245 1 0 _aNueva geografía regional de México /
_cpor Javier Delgadillo Macías y Felipe Torres Torres.
260 3 _aMéxico, D.F. :
_bTrillas,
_c2011.
300 _a272 p.
590 _aE792CSJ
_b05
_c20131106
_lUCH01
_h1027
650 1 4 _aAntropogeografía
_96125
650 1 4 _aMéxico
_xDescripción y viaje.
_976737
700 0 _aTorres Torres, Felipe.
_9114252
901 _aBK
942 _cLIBRO
942 _n0
999 _c104267
_d104267